LEADER 01929nam0 22003013i 450 001 SUN0082508 005 20161004092832.939 100 $a20110310d2008 |0engc50 ba 101 $aeng 102 $aIT 105 $a|||| ||||| 200 1 $aAreas of the Lagoon of Venice on the official geological map of Italy$esheet 128 "Venezia", sheets 148-149 "Chioggia- Malamocco"$feditor Regione Veneto, Direzione geologia ed attività estrattive, Servizio geologia 205 $aRoma : SystemCart$b2008 210 $d98 p. : ill. ; 30 cm + 4 c. geol 215 $aIn cartella. 410 1$1001SUN0082510$12001 $aMemorie descrittive della carta geologica d'Italia$fR. Ufficio Geologico. - Roma : Tipografia Nazionale. - L'indicazione di resp. varia in: Servizio geologico d'Italia, poi APAT, Dipartimento difesa del suolo, Servizio geologico d'Italia, poi ISPRA. - L'ed. varia in: Istituto poligrafico e Zecca dello Stato, poi APAT, poi ISPRA. - Il formato varia in: 29 cm.$vLXXVIII 510 1$3SUN0082509$aˆLe ‰aree di laguna nella carta geologica ufficiale d'Italia : foglio 128 "Venezia", fogli 148-149 "Chioggia- Malamocco". 620 $dRoma$3SUNL000360 676 $a551$cGeologia, idrologia, meteorologia$v22 676 $a526$cCartografia$v22 712 02$aRegione Veneto. Direzione geologia ed attività estrattive$3SUNV068323 712 $aSystemCart$3SUNV008422$4650 801 $aIT$bSOL$c20181109$gRICA 912 $aSUN0082508 950 $aUFFICIO DI BIBLIOTECA DEL DIPARTIMENTO DI SCIENZE E TECNOLOGIE AMBIENTALI BIOLOGICHE E FARMACEUTICHE$d17 CONS Sc106 $e17 OM 136 995 $aUFFICIO DI BIBLIOTECA DEL DIPARTIMENTO DI SCIENZE E TECNOLOGIE AMBIENTALI BIOLOGICHE E FARMACEUTICHE$bIT-CE0101$gOM$h136$kCONS Sc106$oc$qa 996 $aAreas of the Lagoon of Venice on the official geological map of Italy$9802648 997 $aUNICAMPANIA LEADER 01681nam 2200433 450 001 9910702755803321 005 20150107154350.0 035 $a(CKB)5470000002430640 035 $a(OCoLC)899284867 035 $a(EXLCZ)995470000002430640 100 $a20150107d1961 ua 0 101 0 $aeng 135 $aurbn||||||||| 181 $2rdacontent 182 $2rdamedia 183 $2rdacarrier 200 10$aAutomatic devices to take water samples and to raise trash screens at weirs /$fK.G. Reinhart, R.E. Leonard, G.E. Hart 210 1$aUpper Darby, PA. :$cForest Service, U.S. Dept. of Agriculture, Northeastern Forest Experiment Station,$d1961. 215 $a1 online resource (7 pages) $cillustrations 225 1 $aForest research notes / Northeastern Forest Experiment Station ;$vno. 112 300 $aTitle from title screen (viewed Dec. 31, 2014). 300 $aPublication pre-dates Federal Depository Library Program (FDLP) item numbers. No FDLP item number has been assigned. 320 $aIncludes bibliographical references. 606 $aWeirs 606 $aWater quality$xSampling$xAutomation 606 $aWatershed management 615 0$aWeirs. 615 0$aWater quality$xSampling$xAutomation. 615 0$aWatershed management. 700 $aReinhart$b Kenneth G.$f1914-$01388038 702 $aLeonard$b R. E. 702 $aHart$b George Emerson$f1929- 712 02$aNortheastern Forest Experiment Station (Radnor, Pa.), 801 0$bGPO 801 1$bGPO 906 $aBOOK 912 $a9910702755803321 996 $aAutomatic devices to take water samples and to raise trash screens at weirs$93442584 997 $aUNINA LEADER 01568nam 2200433 450 001 9910780431303321 005 20230627032539.0 010 $a9781907826719$b(electronic bk.) 010 $z9781907826528 035 $a(MiAaPQ)EBC30407956 035 $a(Au-PeEL)EBL30407956 035 $a(CKB)26257670400041 035 $a(EXLCZ)9926257670400041 100 $a20230627d2022 uy 0 101 0 $aeng 135 $aurcnu|||||||| 181 $ctxt$2rdacontent 182 $cc$2rdamedia 183 $acr$2rdacarrier 200 00$aDiving deep into qualitative data analysis in communication disorders research /$fedited by Lyons Rena 205 $a1st ed. 210 1$aGuildford, England :$cJ&R Press Ltd,$d[2022] 210 4$d©2022 215 $a1 online resource (443 pages) 311 08$aPrint version: Rena, Lyons Diving Deep into Qualitative Data Analysis in Communication Disorders Research Havant : J & R Press Limited,c2022 9781907826528 606 $aQualitative research$xMethodology 606 $aCommunication$xResearch$xMethodology 606 $aCommunicative disorders$xResearch$xMethodology 615 0$aQualitative research$xMethodology. 615 0$aCommunication$xResearch$xMethodology. 615 0$aCommunicative disorders$xResearch$xMethodology. 676 $a362.196855 702 $aRena$b Lyons 801 0$bMiAaPQ 801 1$bMiAaPQ 801 2$bMiAaPQ 912 $a9910780431303321 996 $aDiving deep into qualitative data analysis in communication disorders research$93800809 997 $aUNINA